[Event "Challenge"]
[Site "http://www.queenalice.com/game.php?id=885555"]
[Date "2011.1.13"]
[Round "-"]
[White "kisarsk"]
[Black "Rhy"]
[Result "0-1"]
[WhiteElo "1663"]
[BlackElo "2022"]

1. d4 d5 2. e3 c5 3. b3 Nf6 4. Ne2 Bg4 5. f3 Bh5 6. g4 Bg6 7. Nf4 e6 8. Nxg6
hxg6 9. Bg2 Nfd7 10. f4 Qh4+ 11. Kd2 cxd4 12. exd4 Nc6 13. Bb2 Bd6 14. Qf3 Nf6
15. h3 Rc8 16. Nc3 Nxd4 17. Qe3 Nc6 18. Na4 O-O 19. Raf1 Ne4+ 20. Kc1 Ng3 21.
Qf2 Nb4 22. Kb1 Rxc2 23. Rhg1 Rxf2 24. Rxf2 Ne4 25. Re2 Nd3 26. Bd4 Nxf4 27. Rc2
Nxg2 28. Rgxg2 Qxh3 29. Nb2 b6 30. Rg1 Bc5 31. Bxc5 Nxc5 32. Rcc1 Nd3 33. Nxd3
Qxd3+ 34. Rc2 Rc8 35. Rc1 Rxc2 36. Rxc2 Qe4 37. g5 Qf5 38. Kb2 Qxg5 39. Rc8+ Kh7
40. Rc7 a5 41. Rxf7 d4 42. Rd7 e5 43. Rd5 Qg2+ 0-1

[Event "Challenge"]
[Site "http://www.queenalice.com/game.php?id=885557"]
[Date "2011.1.13"]
[Round "-"]
[White "APSHOOTER"]
[Black "Rhy"]
[Result "0-1"]
[WhiteElo "1664"]
[BlackElo "2020"]

1. e4 c5 2. Nf3 Nc6 3. a3 e5 4. Nc3 Nf6 5. h3 d5 6. Bb5 a6 7. exd5 Nxd5 8. Bxc6+
bxc6 9. Nxe5 Nxc3 10. Nxc6 Qd5 11. dxc3 Qxc6 12. Qe2+ Be7 13. Bg5 f6 14. Bd2 Qb7
15. O-O-O O-O 16. Rde1 Rb8 17. Qxe7 Qxb2+ 18. Kd1 Bf5 19. Qxc5 Qxc2+ 20. Ke2
Qd3+ 0-1

[Event "OS INCLIVEIS"]
[Site "http://www.queenalice.com/game.php?id=888660"]
[Date "2011.1.20"]
[Round "-"]
[White "adelio"]
[Black "Rhy"]
[Result "0-1"]
[WhiteElo "1596"]
[BlackElo "2026"]

1. h3 e5 2. a3 d5 3. b4 c5 4. b5 a6 5. Bb2 Bd6 6. a4 Nf6 7. g4 h6 8. d3 Be6 9.
e3 O-O 10. a5 axb5 11. Bg2 Rxa5 12. Nf3 d4 13. e4 Rxa1 14. Bxa1 Qa5+ 15. Nbd2
Nc6 16. O-O Qa4 17. Qb1 Nb4 18. Nb3 c4 19. dxc4 bxc4 20. Nc1 Nxc2 21. Qa2 Qxa2
22. Nxa2 Ra8 23. Bb2 Rxa2 24. Bc1 c3 25. Ne1 Nxe1 26. Rxe1 Ra1 27. Bf3 d3 28.
Rf1 d2 29. Bxd2 Rxf1+ 30. Kxf1 cxd2 31. Bd1 Nxe4 32. Ke2 Bb4 33. Ke3 Nc5 34. f3
Na4 35. Bxa4 b5 36. Bd1 Bc4 37. h4 Bc3 38. f4 exf4+ 39. Kxf4 b4 40. g5 b3 41.
gxh6 b2 42. Bc2 Bb3 43. h7+ Kh8 44. Be4 d1=Q 45. h5 Bc2 46. h6 Bxe4 47. hxg7+
Kxg7 48. h8=Q+ Kxh8 49. Kg5 b1=Q 50. Kf4 Qf3+ 51. Kg5 Qg1+ 52. Kh6 Qg6# 0-1

[Event "OS INCLIVEIS"]
[Site "http://www.queenalice.com/game.php?id=892048"]
[Date "2011.1.27"]
[Round "-"]
[White "adelio"]
[Black "Rhy"]
[Result "0-1"]
[WhiteElo "1673"]
[BlackElo "2044"]

1. d3 d5 2. h3 e5 3. a3 c5 4. g3 Nc6 5. c3 Nf6 6. e3 b5 7. b3 Be6 8. g4 Bd6 9.
Ra2 O-O 10. f3 Nd7 11. h4 Be7 12. Rah2 f5 13. g5 Qb6 14. Qe2 Rae8 15. Qg2 f4 16.
g6 hxg6 17. Qxg6 Bf5 18. Qg2 fxe3 19. Bxe3 d4 20. Bh6 Rf7 21. Ne2 Nb4 22. Bd2
Nxd3+ 23. Kd1 Qe6 24. c4 bxc4 25. Nc1 Nb2+ 26. Ke1 Bxb1 27. h5 e4 28. fxe4 Bxe4
29. Qg1 Bxh1+ 30. Be2 Bf3 31. h6 d3 32. h7+ Kh8 33. Rf2 Bh4 34. Bc3 Bxf2+ 35.
Qxf2 Bxe2 36. Bxg7+ Kxg7 37. Qg3+ Kh8 38. Qg8+ Rxg8 39. hxg8=Q+ Kxg8 40. bxc4
Bh5+ 41. Kd2 Qxc4 42. a4 Qc2+ 43. Ke3 d2 44. Nb3 d1=Q 45. Nxc5 Qdd2# 0-1

[Event "Challenge"]
[Site "http://www.queenalice.com/game.php?id=893635"]
[Date "2011.1.31"]
[Round "-"]
[White "Rhy"]
[Black "BrooklynBenjamin"]
[Result "0-1"]
[WhiteElo "2037"]
[BlackElo "1546"]

1. e4 e5 2. Nf3 Nc6 3. d4 f6 4. Bc4 exd4 5. Nxd4 Ne5 6. Bb3 b6 7. Bf4 Bb7 8. Nc3
Bb4 9. O-O Bxc3 10. bxc3 Bxe4 11. Bxe5 fxe5 12. Qh5+ g6 13. Qxe5+ Qe7 14. Qxc7
Qg5 15. Bf7+ Kxf7 16. Qxd7+ Ne7 17. Qh3 Nf5 18. Rae1 Rae8 19. f3 Bd5 20. Nxf5
gxf5 21. Rxe8 Rxe8 22. Qxh7+ Kf6 23. Qxa7 Bxf3 24. Qxb6+ Kf7 25. Rxf3 Qc1+ 26.
Kf2 Qe1# 0-1

[Event "Challenge"]
[Site "http://www.queenalice.com/game.php?id=894825"]
[Date "2011.2.2"]
[Round "-"]
[White "Samuelfs57"]
[Black "Rhy"]
[Result "0-1"]
[WhiteElo "1928"]
[BlackElo "2046"]

1. e4 c5 2. Nf3 Nc6 3. d4 cxd4 4. Nxd4 e5 5. Nb3 Nf6 6. N1d2 a5 7. a4 d5 8. Bd3
Bg4 9. f3 Be6 10. O-O Bd6 11. c4 Qb6+ 12. Kh1 d4 13. Qc2 Nb4 14. Qb1 O-O 15. Rf2
Rac8 16. Nf1 Nxd3 17. Qxd3 Bxc4 18. Qd2 Bxb3 19. Qg5 Bb4 20. Qxe5 Bxa4 21. Rxa4
Rxc1 22. Qg5 Rfc8 23. Qf5 d3 24. Kg1 d2 25. Ra1 d1=Q 26. Qxc8+ Rxc8 27. Rxd1 Bc5
0-1

[Event "Challenge"]
[Site "http://www.queenalice.com/game.php?id=895699"]
[Date "2011.2.4"]
[Round "-"]
[White "augustoluizheck"]
[Black "Rhy"]
[Result "0-1"]
[WhiteElo "1461"]
[BlackElo "2034"]

1. e4 c5 2. Nf3 Nc6 3. Bb5 Nf6 4. Bxc6 bxc6 5. Nc3 e6 6. d4 cxd4 7. Nxd4 e5 8.
Nb3 d5 9. Bg5 Bb4 10. O-O O-O 11. exd5 Bxc3 12. bxc3 cxd5 13. Re1 Re8 14. Qf3
Rb8 15. Rad1 Bg4 16. Qg3 Bxd1 17. Rxd1 Ne4 18. Bxd8 Nxg3 19. Bc7 Ne2+ 20. Kf1
Nxc3 21. Rd3 d4 22. Bxb8 Rxb8 23. a3 Rc8 24. Na5 Nd5 25. c4 Nb6 26. Rb3 Rc5 27.
Rb5 Rxb5 28. cxb5 f6 29. Ke2 Kf7 30. Kd3 Ke6 31. Nc6 Kd5 32. Nxa7 e4+ 33. Kd2
Kc4 0-1

[Event "2nd game"]
[Site "http://www.queenalice.com/game.php?id=896667"]
[Date "2011.2.6"]
[Round "-"]
[White "Rhy"]
[Black "Samuelfs57"]
[Result "0-1"]
[WhiteElo "2057"]
[BlackElo "1950"]

1. e4 e5 2. Nf3 Nc6 3. Nc3 Nf6 4. Bc4 Bc5 5. O-O O-O 6. Nxe5 Nxe5 7. d4 Nxc4 8.
dxc5 Ne5 9. Bg5 h6 10. Bh4 Ng6 11. Bxf6 Qxf6 12. b3 Qxc3 0-1

[Event "Challenge"]
[Site "http://www.queenalice.com/game.php?id=901969"]
[Date "2011.2.17"]
[Round "-"]
[White "who_dat"]
[Black "Rhy"]
[Result "0-1"]
[WhiteElo "1799"]
[BlackElo "2009"]

1. d4 d5 2. Bf4 Nf6 3. c4 c6 4. Nc3 dxc4 5. e3 b5 6. a3 Nd5 7. Qf3 Nxf4 8. Qxf4
e6 9. g3 Bd6 10. Qf3 O-O 11. Nxb5 cxb5 12. Qxa8 Qa5+ 13. Kd1 c3 14. b3 Bd7 15.
Bg2 c2+ 16. Ke2 b4 17. Qf3 Bb5+ 18. Kd2 bxa3+ 19. Kc1 Qe1+ 20. Kxc2 Qxa1 21. Nh3
Rc8+ 22. Qc6 Qb2+ 0-1

[Event "Challenge"]
[Site "http://www.queenalice.com/game.php?id=903142"]
[Date "2011.2.20"]
[Round "-"]
[White "BrooklynBenjamin"]
[Black "Rhy"]
[Result "0-1"]
[WhiteElo "1593"]
[BlackElo "2049"]

1. e4 e5 2. f4 exf4 3. Nf3 g5 4. h4 g4 5. Ne5 h5 6. Bc4 Nh6 7. b3 d6 8. Nd3 Bg7
9. Bb2 Bxb2 10. Nxb2 Qe7 11. Nc3 Nf5 12. Ne2 Qxe4 13. O-O f3 14. Nc3 Qd4+ 15.
Kh1 Ng3+ 16. Kh2 Nxf1+ 17. Qxf1 g3+ 18. Kh1 Qxh4+ 19. Kg1 Qh2# 0-1

[Event "Vendetta III!"]
[Site "http://www.queenalice.com/game.php?id=905735"]
[Date "2011.2.26"]
[Round "-"]
[White "Rhy"]
[Black "who_dat"]
[Result "1-0"]
[WhiteElo "2041"]
[BlackElo "1819"]

1. e4 Nf6 2. e5 Nd5 3. d4 c5 4. c4 Nb4 5. a3 Qa5 6. Bd2 g6 7. dxc5 N8c6 8. Nf3
Bh6 9. Bc3 e6 10. Nbd2 Qxc5 11. axb4 Nxb4 12. Ne4 Qb6 13. c5 Qc6 14. Nd6+ Kf8
15. Bxb4 a5 16. Bb5 Qc7 17. Bd2 Bxd2+ 18. Qxd2 Qxc5 19. Qf4 f5 20. exf6 h6 21.
O-O g5 22. Qe4 Qxd6 23. Qg6 Rg8 24. Qh7 e5 25. Qxh6+ Ke8 26. f7+ 1-0

[Event "Challenge"]
[Site "http://www.queenalice.com/game.php?id=905937"]
[Date "2011.2.26"]
[Round "-"]
[White "Samuelfs57"]
[Black "Rhy"]
[Result "1/2-1/2"]
[WhiteElo "1951"]
[BlackElo "2036"]

1. e4 d6 2. d4 Nf6 3. Nc3 e6 4. Nf3 Be7 5. Bd3 O-O 6. O-O Nc6 7. Qe2 e5 8. d5
Nb4 9. a3 Nxd3 10. Qxd3 a5 11. Nh4 Nxe4 12. Qxe4 Bxh4 13. f4 f5 14. Qf3 e4 15.
Qh5 Bf6 16. Ne2 c6 17. dxc6 bxc6 18. c3 Ba6 19. Rd1 Qb6+ 20. Kf1 Bd3 21. Ke1 Qb5
22. Ng3 g6 23. Qh3 Rab8 24. a4 Qc5 25. Ne2 Qc4 26. Qe3 d5 27. Nd4 c5 28. Nb5 d4
29. Qg3 Rxb5 30. axb5 dxc3 31. b3 Qxb5 32. Ra3 c2 33. Rxd3 exd3 34. Bd2 Re8+ 35.
Kf1 Bc3 36. Qf3 c1=Q+ 37. Bxc1 d2+ 1/2-1/2

[Event "Challenge"]
[Site "http://www.queenalice.com/game.php?id=910632"]
[Date "2011.3.9"]
[Round "-"]
[White "AwesomeOlga"]
[Black "Rhy"]
[Result "0-1"]
[WhiteElo "1629"]
[BlackElo "2053"]

1. e4 d5 2. d4 dxe4 3. Nc3 Nf6 4. Bg5 c6 5. Bxf6 exf6 6. Qe2 Qxd4 7. a3 f5 8.
Rd1 Qb6 9. Nxe4 fxe4 10. Qxe4+ Be6 11. Bc4 c5 12. Nf3 Be7 13. Ng5 Bxc4 14. Qxc4
Bxg5 15. Qg4 Bf6 16. Qe4+ Qe6 17. Qxe6+ fxe6 0-1

[Event "Challenge"]
[Site "http://www.queenalice.com/game.php?id=911341"]
[Date "2011.3.11"]
[Round "-"]
[White "AwesomeOlga"]
[Black "Rhy"]
[Result "1/2-1/2"]
[WhiteElo "1627"]
[BlackElo "2055"]

1. e4 e5 2. Nf3 Nf6 3. Nc3 Nc6 4. Bb5 Nd4 5. Bc4 d6 6. d3 Bg4 7. Bxf7+ Kxf7 8.
Ng5+ Ke8 9. Qd2 h6 10. h3 hxg5 11. O-O Bxh3 12. Qxg5 Qd7 13. Qg3 b5 14. gxh3 b4
15. Nd5 Ne2+ 1/2-1/2

[Event "Challenge"]
[Site "http://www.queenalice.com/game.php?id=911833"]
[Date "2011.3.12"]
[Round "-"]
[White "AwesomeOlga"]
[Black "Rhy"]
[Result "0-1"]
[WhiteElo "1641"]
[BlackElo "2048"]

1. d4 Nf6 2. Nf3 d5 3. Nc3 c5 4. dxc5 Nc6 5. Bg5 d4 6. Na4 Qa5+ 7. c3 b5 8. cxb6
axb6 9. Nxd4 Nxd4 10. Qxd4 Qxa4 11. Qxa4+ Rxa4 12. e3 Nd7 13. b4 Ra3 14. c4 e5
15. e4 Bxb4+ 16. Bd2 Bxd2+ 17. Kxd2 O-O 18. Be2 Rd8 19. Rhb1 Nc5+ 20. Ke1 Rd6
21. Rd1 Rxd1+ 22. Rxd1 Ne6 23. Bg4 Ba6 24. Bxe6 fxe6 25. Rd6 Bxc4 26. Rxb6 Rxa2
27. g4 Re2+ 28. Kf1 Rb2+ 29. Ke1 Re2+ 30. Kd1 Rxf2 31. Rc6 Bb3+ 32. Ke1 Rxh2 33.
Rc5 Rh4 34. Rxe5 Rxg4 35. Kf2 Kf7 36. Ke3 Kf6 37. Kd4 Bc2 38. Ke3 Bxe4 39. Ra5
Bd5 0-1

[Event "Challenge"]
[Site "http://www.queenalice.com/game.php?id=914519"]
[Date "2011.3.19"]
[Round "-"]
[White "Rhy"]
[Black "AwesomeOlga"]
[Result "1-0"]
[WhiteElo "2050"]
[BlackElo "1639"]

1. e4 e5 2. Nf3 Nc6 3. d4 exd4 4. Nxd4 Nxd4 5. Qxd4 b6 6. Nc3 c5 7. Qe5+ Qe7 8.
Qd5 Rb8 9. Bf4 Nf6 10. Qd2 Nxe4 11. Nxe4 Qxe4+ 12. Be2 d6 13. O-O Bb7 14. Bf3
Qe6 15. Rfe1 Qxe1+ 16. Rxe1+ Be7 17. Qxd6 O-O 18. Qxe7 h6 19. Bxb8 Rxb8 20. Bxb7
a5 21. Bd5 a4 22. Qxf7+ Kh7 23. Be4+ Kh8 24. Qg6 1-0

[Event "Challenge"]
[Site "http://www.queenalice.com/game.php?id=918364"]
[Date "2011.3.28"]
[Round "-"]
[White "Ysolde"]
[Black "Rhy"]
[Result "0-1"]
[WhiteElo "1100"]
[BlackElo "2052"]

1. e4 c5 2. d4 cxd4 3. Nf3 Nc6 4. Bb5 Qa5+ 5. c3 Qxb5 6. cxd4 e5 7. d5 Bb4+ 8.
Nbd2 Nce7 9. Qb3 Ng6 10. d6 Nf6 11. Kd1 Qb6 12. Rf1 Qxd6 13. Ng5 O-O 14. h4 Nxh4
15. g3 h6 16. Nxf7 Rxf7 17. gxh4 Nxe4 18. Qe3 Nxd2 19. Bxd2 Rf3 20. Ke2 Rxe3+
21. Bxe3 b6 22. Rg1 Ba6+ 0-1